000 00988nas a2200289 4500
001 BR8601803
003 BR-BrBNA
005 20231205090427.0
007 ta
008 230509b bl.|||p| |||| 00| 00por d
040 _aBR-BrBNA
_bpor
_cBiblioteca Nacional de Agricultura
041 _a(Pt)
072 _aH10
100 1 _aNovaretti, W.R.T.
100 1 _aGoncalves, O.
100 1 _aJarussi, J.J.
100 1 _aGurgel, M.N.A.
245 1 _aUsina Nossa Senhora Aparecida Virgolino de Oliveira: uma nova concepcao em insetario e laboratorio de nematologia [Saccharum spp, Sao Paulo]
246 1 _aNossa Senhora Aparecida Virgolino de Oliveira: a new concept in insectary and nematode laboratory
650 _aCANA DE ACUCAR
650 _aBROCA
650 _aNEMATOIDE
650 _aSAO PAULO
773 0 _tBoletim Tecnico COPERSUCAR (Brazil)
_xISSN 0100-2996
_g(Oct 1985), (no. 32) p. 11-13
_wBR8601803
909 _a202311
_bLúcia
_c55
_dLúcia Elande
942 _2AGRIS
_n0
_cANA
999 _c118344
_d118344